Germany: the initiative in the Hands of the Lander (Record n. 79583)
[ formato base ]
| 000 -LEADER | |
|---|---|
| fixed length control field | 01203nam a2200313Ia 4500 |
| 001 - CONTROL NUMBER | |
| control field | F7401 |
| 003 - CONTROL NUMBER IDENTIFIER | |
| control field | IT-RoPAU |
| 008 - FIXED-LENGTH DATA ELEMENTS--GENERAL INFORMATION | |
| fixed length control field | 130308s9999 xx 000 0 und d |
| 040 ## - CATALOGING SOURCE | |
| Original cataloging agency | IT-RoPAU |
| 040 ## - CATALOGING SOURCE | |
| Transcribing agency | IT-RoPAU |
| 041 ## - LANGUAGE CODE | |
| Language code of text/sound track or separate title | INGLESE |
| 100 ## - MAIN ENTRY--PERSONAL NAME | |
| Personal name | Kleinsteuber Hans J. |
| 100 ## - MAIN ENTRY--PERSONAL NAME | |
| Miscellaneous information | Codice Aut. SPICS: 24739 |
| 245 ## - TITLE STATEMENT | |
| Title | Germany: the initiative in the Hands of the Lander |
| 245 ## - TITLE STATEMENT | |
| Remainder of title | Decentralization in The global Era |
| 250 ## - EDITION STATEMENT | |
| Edition statement | 1a ed. |
| 260 ## - PUBLICATION, DISTRIBUTION, ETC. (IMPRINT) | |
| Place of publication, distribution, etc. | LONDRA |
| 260 ## - PUBLICATION, DISTRIBUTION, ETC. (IMPRINT) | |
| Name of publisher, distributor, etc. | John Libbey |
| 260 ## - PUBLICATION, DISTRIBUTION, ETC. (IMPRINT) | |
| Date of publication, distribution, etc. | 1995 [1° Ed.:1995 - Ed.Ling.Originale:1995] |
| 300 ## - PHYSICAL DESCRIPTION | |
| Extent | "17 p. (prefazione: no ; testo: 17 [pagine: 65-81])" |
| 500 ## - GENERAL NOTE | |
| General note | Germania: L'Iniziativa in Mano Ai Lander. Cornice Politica, nazione e Regioni. Specificità delle regioni in Germania. Media e Regioni. Dimensione Culturale e Linguistica. Cornice legale della Televisione in Germania. tv Regionale: Servizio Pubblico, programmi tv Locali, tv Private. Emittenza commerciale Regionale. canali di Pubblico Accesso. |
| 650 ## - SUBJECT ADDED ENTRY--TOPICAL TERM | |
| Topical term or geographic name as entry element | TEORIA DELLA COMUNICAZIONE SOCIALE |
| 650 ## - SUBJECT ADDED ENTRY--TOPICAL TERM | |
| Relator term | Codice materia Spics: 3802 |
| 700 ## - ADDED ENTRY--PERSONAL NAME | |
| Personal name | Thomas Barbara |
| 700 ## - ADDED ENTRY--PERSONAL NAME | |
| Miscellaneous information | Codice Aut. SPICS: 51672 |
| 942 ## - ADDED ENTRY ELEMENTS (KOHA) | |
| Koha item type | LIBRO |
| 957 ## - | |
| -- | 1 |
| 999 ## - SYSTEM CONTROL NUMBERS (KOHA) | |
| -- | 1 |
| Withdrawn status | Lost status | Damaged status | Not for loan | Home library | Current library | Date acquired | Total Checkouts | Full call number | Date last seen | Price effective from | Koha item type | Public note |
|---|---|---|---|---|---|---|---|---|---|---|---|---|
| Buone Condizioni | Not For Loan | SPICS-MEDIATECA | SPICS-MEDIATECA | 08/03/2013 | F7401 | 08/03/2013 | 08/03/2013 | LIBRO | Progressivo inserimento: 11452 / N. Volumi: 0 [=Contributo] Copie: 1 / data import: 1 marzo 2013 - By Epidotti, Trombetti, Vaglietti. |